Nothing remains the same : (Record no. 16402)

000 -LEADER
fixed length control field 00739cam a2200217 a 4500
020 ## - INTERNATIONAL STANDARD BOOK NUMBER
ISBN 061808293X
040 ## - CATALOGING SOURCE
Transcribing agency DLC
082 00 - DEWEY DECIMAL CLASSIFICATION NUMBER
Classification number 028 HOU 2002 A004 Or.
100 1# - MAIN ENTRY--AUTHOR NAME
Personal name Lesser, Wendy.
245 10 - TITLE STATEMENT
Title Nothing remains the same :
Remainder of title rereading and remembering /
260 ## - PUBLICATION, DISTRIBUTION, ETC. (IMPRINT)
Place of publication Boston :
Name of publisher Houghton Mifflin,
Year of publication 2002.
300 ## - PHYSICAL DESCRIPTION
Number of Pages x, 234 p. ;
Dimensions 22 cm.
500 ## - GENERAL NOTE
General note Includes index.
650 #0 - SUBJECT ADDED ENTRY--TOPICAL TERM
Topical Term Books and reading.
650 #0 - SUBJECT ADDED ENTRY--TOPICAL TERM
Topical Term Literature
856 41 - ELECTRONIC LOCATION AND ACCESS
Uniform Resource Identifier http://www.loc.gov/catdir/samples/hm051/2001051622.html
856 41 - ELECTRONIC LOCATION AND ACCESS
Uniform Resource Identifier http://www.loc.gov/catdir/toc/hm021/2001051622.html
856 42 - ELECTRONIC LOCATION AND ACCESS
Uniform Resource Identifier http://www.loc.gov/catdir/description/hm021/2001051622.html
856 42 - ELECTRONIC LOCATION AND ACCESS
Uniform Resource Identifier http://www.loc.gov/catdir/enhancements/fy0736/2001051622-b.html
942 ## - ADDED ENTRY ELEMENTS (KOHA)
Koha item type សៀវភៅភាសាអង់គ្លេស
952 ## - LOCATION AND ITEM INFORMATION (KOHA)
Withdrawn status [LOCAL, KOHA] 0
Holdings
Permanent Location Date acquired Koha item type Lost status Shelving location Barcode Current Location Full call number
Library Block A2018-02-19សៀវភៅភាសាអង់គ្លេស A004A22196Library Block A028 HOU 2002 A004 Or.
មជ្ឈមណ្ឌលឯការនៃសាកលវិទ្យាល័យភូមិន្ទកសិកម្មចំការដូង

Powered by Koha